Enrich Life: (Record no. 183053)
[ view plain ]
| 000 -LEADER | |
|---|---|
| fixed length control field | 00588 a2200193 4500 |
| 005 - DATE AND TIME OF LATEST TRANSACTION | |
| control field | 20211215152107.0 |
| 010 ## - LCCN (DPL NO) | |
| LC control number | ENG-130333 |
| 020 ## - INTERNATIONAL STANDARD BOOK NUMBER | |
| Terms of availability | 260.00 |
| International Standard Book Number | 978-93-88424-56-1 |
| 035 ## - SYSTEM CONTROL NUMBER | |
| System control number | EN-113865 |
| 037 ## - SOURCE OF ACQUISITION | |
| Source of stock number/acquisition | DBAD / PUB |
| 082 ## - DEWEY DECIMAL CLASSIFICATION NUMBER | |
| Classification number | 158.1 |
| 100 ## - MAIN ENTRY--PERSONAL NAME | |
| Personal name | Pathaka, Preeti |
| 245 ## - TITLE STATEMENT | |
| Title | Enrich Life: |
| Statement of responsibility, etc | Preeti Pathak |
| 250 ## - EDITION STATEMENT | |
| Edition statement | 2019 |
| 260 ## - PUBLICATION, DISTRIBUTION, ETC. (IMPRINT) | |
| Name of publisher, distributor, etc | Vishwakarma Publications |
| Date of publication, distribution, etc | 2019 |
| Place of publication, distribution, etc | Pune |
| 270 ## - ADDRESS | |
| City | Pune |
| Address | 34A/1, Suyog Center, 7th Floor, Gultekadi Marketyard Road, Giridhar Bhavan Chowk |
| Postal code | 411037 |
| 300 ## - PHYSICAL DESCRIPTION | |
| Extent | 196p. |
| Dimensions | 22cm (pbk) |
| 942 ## - ADDED ENTRY ELEMENTS (KOHA) | |
| Institution code [OBSOLETE] | dpl |
| Item type | English Books |
| Source of classification or shelving scheme | Dewey Decimal Classification |
| Classification part | 158.1 |
| Call number suffix | PAT |
| Withdrawn status | Lost status | Not for loan | Collection code | Home library | Current library | Date acquired | Source of acquisition | Cost, normal purchase price | Full call number | Barcode | Copy number | Cost, replacement price | Koha item type |
|---|---|---|---|---|---|---|---|---|---|---|---|---|---|
| Non-fiction | Shahdara Branch | Shahdara Branch | 15/12/2021 | DBAD/PUB | 260.00 | 158.1 PAT | EN-113865 | 1 | 260.00 | English Books |
